Statistics for Netherlands by Picture

Click here to take the quiz!

General Stats

  • This quiz has been taken 9,428 times
  • The average score is 13 of 18

Answer Stats

Answer% Correct
Royal Dutch Shell
98%
Anne Frank
96%
Tulip
96%
Windmill
95%
Vincent van Gogh
94%
North Sea
87%
Clog
84%
Red Light District
82%
Suriname
79%
Rembrandt van Rijn
77%
Stroop{wafel}
71%
Girl with a {Pearl} {Earring}
60%
Bacteria
59%
Tasmania
51%
Sinterklaas
39%
Polder
33%
IJsselmeer
31%
Cape Town
26%

Score Distribution

Percentile by Number Answered

Percent of People with Each Score

Your Score History

You have not taken this quiz